| 000 | 00586nam a2200241Ia 4500 | ||
|---|---|---|---|
| 003 | OSt | ||
| 005 | 20220924151107.0 | ||
| 006 | a|||||r|||| 00| 0 | ||
| 007 | ta | ||
| 008 | 220923b |||||||| |||| 00| 0 kan d | ||
| 020 | _c60 | ||
| 024 | _a336005 | ||
| 037 | _cTextual | ||
| 040 |
_aARTS _cARTS _bkan |
||
| 041 |
_2kan _akan |
||
| 082 | _aV2154, 33N4 | ||
| 100 |
_aA. Subbanna Rai _9223529 |
||
| 245 | 0 | _aDa ka jilleya aithyagalu | |
| 260 | _c1994 | ||
| 650 | _aHISTORY | ||
| 942 |
_hV2154, 33N4 _cTEXL _2CC |
||
| 999 |
_c465468 _d465468 |
||